Statistics for Lancashire County Quiz

Click here to take the quiz!

General Stats

  • This quiz has been taken 271 times
    (72 since last reset)
  • The average score is 11 of 19

Answer Stats

QuestionAnswer% Correct
Subjected to significant boundary reforms in 1974, parts of the county where divided to form which two additional metropolitan areasGreater Manchester
91%
Largest city, receiving the status in 2002Preston
91%
Victorian era seaside landmark inspired by the Eiffel TowerBlackpool Tower
89%
In addition to the answers above, Lancashire currently borders which three other countiesCumbria
82%
Merseyside
80%
West Yorkshire
78%
Blackburn Rovers
68%
As a major industrial region, by the 1830s Lancashire processed 85% of this commodityCotton
63%
North Yorkshire
63%
Bolton Wanderers
58%
Burnley
57%
Preston North End
48%
Town most often associated with Black Pudding also known as 'blood sausage'Bury
43%
Prominent in the formation of the English Football League in 1888, six of the twelve founding members where from the county. Name themAccrington
37%
Current Duke of Lancaster, one of the two remaining royal duchies in EnglandKing Charles III
37%
Parliamentary constituency of the Speaker of the House of Commons, Sir Lindsay Hoyle MPChorley
34%
Everton
26%
First English Monarch from the House of Lancaster, reigning from 1399 - 1413Henry IV
26%
Area of Outstanding Natural Beauty that contains the geographical centre of Great BritainForest of Bowland
25%

Score Distribution

Percentile by Number Answered

Percent of People with Each Score

Your Score History

You have not taken this quiz since the last reset